000 00512nam a22001817a 4500
005 20250318170019.0
008 250318b |||||||| |||| 00| 0 eng d
020 _a9781452286907
041 _aEng
082 _a 519.5 PRI
100 _aPrivitera, Gregory J.
245 _aStatistics for the Behavioral Sciences
250 _a2nd
260 _aLos Angeles
_bSage Publication
_c2015
300 _a724;. P. 25
650 _aSocial sciences-Statistical Methods; Psychology-Statistical Methods.
942 _cBK
999 _c43343
_d43343